Statistics for Famous People Who Were Murdered

Click here to take the quiz!

General Stats

  • This quiz has been taken 254 times
  • The average score is 5 of 10

Answer Stats

HintVictim% Correct
''Beatle'' shot in New York City in1980John Lennon
96%
Rapper and actor was shot dead in a drive-by shooting in Las Vegas, Nevada in 1996Tupac Shakur
83%
New York rapper shot dead in a drive-by shooting in Los Angeles in 1997The Notorious B.I.G.
69%
R&B and Soul singer (''What's Going On'',"Let's Get It On") was shot by his own father in 1984, when he intervened in a fight between his parentsMarvin Gaye
67%
British actress and pregnant wife of Roman Polanski who was murdered by the Manson FamilySharon Tate
67%
Fashion designer gunned down at his doorstep in Miami, Florida in 1997Gianni Versace
64%
Latina pop star, singer and actress was shot by her own fan club president in 1995Selena
51%
Comedian, actor, star of 'Saturday Night Live' and voice actor in 'Simpsons' was shot by his wife in 1998 while he was sleeping (little after they had had a "heated" argument)Phil Hartman
29%
Playboy Playmate, model, and actress was murdered at the age of 20 by her estranged husband/manager in 1980Dorothy Stratten
10%
Unknown person shot the DJ of Run-D.M.C in a recording studio in Queens, New York in 2002Jam Master Jay
10%

Score Distribution

Percentile by Number Answered

Percent of People with Each Score

Your Score History

You have not taken this quiz